Disney Songs - Sudden Death #4 - Statistics

General Stats
  • This quiz has been taken 221 times
  • The average score is 12 of 20
Answers on the Grid
Answers color-coded by a green-red scale on the quiz's grid according to % correct below.
All I Want
Do You Want to Build a Snowman
The Unbirthday Song
I Won't Say I'm In Love
Best of Friends
The Longest Time
I'll Make a Man Out of You
One Jump Ahead
Hawaiian Roller Coaster Ride
Nothing Left to Lose
Popular
Heigh-Ho
Friends on the Other Side
Mine, Mine, Mine
Lay All Your Love on Me
Two Worlds
Cell Block Tango
The Gospel Truth
Love Builds a Garden
God Help the Outcasts
A Dream is a Wish Your Heart Makes
I've Got a Dream
Poor Unfortunate Souls
Beyond
Give a Little Whistle
Be Prepared
One Day More
It's a Hard Knock Life
The Family Madrigal
Never Gonna Give You Up
 
Answer Stats
Answer % Correct
Do You Want to Build a Snowman
92%
I'll Make a Man Out of You
84%
Heigh-Ho
75%
Poor Unfortunate Souls
73%
A Dream is a Wish Your Heart Makes
71%
I Won't Say I'm In Love
68%
I've Got a Dream
67%
The Family Madrigal
67%
Friends on the Other Side
60%
Be Prepared
58%
Hawaiian Roller Coaster Ride
58%
One Jump Ahead
56%
Give a Little Whistle
51%
The Unbirthday Song
51%
The Gospel Truth
48%
Two Worlds
47%
God Help the Outcasts
40%
Mine, Mine, Mine
40%
Best of Friends
31%
Beyond
29%
No matching quizzes found
Score Distribution
Percent of People with Each Score
Percentile by Number Answered
Your Score History
You have not taken this quiz